Unified integration

Αποθηκεύτηκε σε:
Λεπτομέρειες βιβλιογραφικής εγγραφής
Κύριος συγγραφέας: McShane, E. J. (Edward James) 1904
Μορφή: Βιβλίο
Γλώσσα:English
Δημοσίευση: Orlando : Academic Press, 1983
Σειρά:Pure and applied mathematics (Academic Press) ; 107
Θέματα:
Ετικέτες: Προσθήκη ετικέτας
Δεν υπάρχουν, Καταχωρήστε ετικέτα πρώτοι!

MARC

LEADER 00000cam a2200000 i 4500
001 1/61187
008 941103s1983 eng d
020 |a 0124862608 
035 |l 10046392 
040 |a GR-MY-UA  |b gre  |e aacr 
041 0 |a eng 
082 0 |a 515.4  |2 (19) 
100 1 |a McShane, E. J.  |q (Edward James)  |d 1904. 
245 1 0 |a Unified integration /  |c E.J. McShane 
260 |a Orlando :   |b Academic Press,   |c 1983 
300 |a xii, 607 p.;  |c 23 cm. 
490 1 |a Pure and applied mathematics (Academic Press)  |v ; 107 
504 |a Includes index 
650 0 0 |a Integrals. 
830 0 |a Pure and applied mathematics (Academic Press)  |v ; 107 
852 |a INST  |b SAMOS  |e 19941103  |h 515.4 MSC  |p 005300001388  |q 005300001388  |t BK  |y 0 
909 |a Σ  |b 009725